عرض عادي
عرض مارك
- Philosophy, Modern
دخول Topical Term
001 - CONTROL NUMBER
- control field: 17255
003 - CONTROL NUMBER IDENTIFIER
- control field: AE-AdECS
005 - DATE AND TIME OF LATEST TRANSACTION
- control field: 20250618092224.0
008 - FIXED-LENGTH DATA ELEMENTS
- fixed length control field: 250618|| aca||aabn | a|a d
040 ## - CATALOGING SOURCE
- Original cataloging agency: AE-AdECS
- Transcribing agency: AE-AdECS
150 ## - HEADING--TOPICAL TERM
- Topical term or geographic name entry element: Philosophy, Modern
670 ## - SOURCE DATA FOUND
- Source citation: Work cat.: (AE-AdECS)28933: Findlay, J. N. (John Niemeyer), 1903-1987. 17253, Hegel :
